| 000 | 02038nkc a2200301za 4500 | ||
|---|---|---|---|
| 001 | 84594 | ||
| 003 | OSt | ||
| 005 | 20260427095937.0 | ||
| 007 | kh boc | ||
| 008 | 250410s1909 sp ||||| ||||||0| i|spa d | ||
| 040 |
_aM-RABA _bspa _cM-RABA |
||
| 245 | 0 | 0 |
_aSta. Leocadia saliendo de su sepulcro y S. Ildefonso cortando un pedazo de un velo con el cuchillo que le dio Recesvinto _h[Material gráfico] _c/ Esteban de Agreda |
| 246 | _aSanta Leocadia saliendo de su sepulcro y San Isidoro cortando un trozo del velo con el cuchillo que le dio Recesvinto | ||
| 260 |
_b[Hauser y Menet] _c, [ca. 1909] |
||
| 300 |
_a1 fotografía _b: gelatina de plata _c; imagen 19,5 x 11,5 cm _c; soporte secundario 30 x 24 cm |
||
| 500 | _aFotografía del relieve "Santa Leocadia saliendo de su sepulcro y San Isidoro cortando un trozo del velo con el cuchillo que le dio Recesvinto" de Esteban Agreda, obteniendo el segundo premio de la Academia en Escultura, de primera clase en el año 1790. La obra original no se conserva. | ||
| 500 | _aMontada sobre un soporte secundario de cartón, con texto manuscrito a lápiz en la parte inferior al recto: "Sta. Leocadia saliendo de su sepulcro y S. Ildefonso cortando un pedazo de un velo con el cuchillo que le dio Recesvinto. Premio 2º Esteban Agreda (B). Concurso de 1790-1ª clase". Nota manuscrita al verso a lápiz rojo: "1790-1ª clase". | ||
| 500 | _aFecha probable de la realización de la fotografía realizada por Hauser y Menet. | ||
| 544 | _aArchivo de la Real Academia de Bellas Artes de San Fernando (Le-4-29-1) | ||
| 600 | 1 | 0 |
_aAgreda, Esteban de _d(1759-1842) _9111694 |
| 610 | 2 | 4 |
_aReal Academia de Bellas Artes de San Fernando. _975832 |
| 651 | 7 |
_aMadrid _2embne _975182 |
|
| 655 | 7 |
_aFotografías de obras de arte _975675 |
|
| 710 | 2 |
_aHauser y Menet (Madrid) _950978 |
|
| 852 | _jFot-616 | ||
| 856 |
_3Fot-616 _uhttps://archivoybiblioteca.realacademiabellasartessanfernando.com/cgi-bin/koha/opac-retrieve-file.pl?id=9d96afd209b7f4ffc7ffa094dc6f0134 |
||
| 942 |
_2ddc _cFOTOGRAFÍA _n0 |
||
| 999 |
_c84594 _d84594 |
||